000 00381nam a22001577a 4500
005 20180425121711.0
008 160521b xxu||||| |||| 00| 0 eng d
041 _aeng
082 _b3633
_a510.2462
100 _aB.S. Grewal
_9903
245 _aHigher Engineering Mathematics
260 _bKhanna Publishing
300 _a1215
650 _aDIPLOMA ENGINEERING
_9817
942 _cBK
999 _c1239
_d1239